Eliminate #1 - US States - Statistics

General Stats
  • This quiz has been taken 135 times
  • The average score is 8 of 50
Answers on the Map
Answers color-coded by a green-red scale on the quiz's map according to % correct below.
 
Answer Stats
US State % Correct
Hawaii
100%
Alaska
92%
New Hampshire
86%
Washington
64%
Minnesota
56%
North Dakota
35%
Utah
35%
West Virginia
24%
Idaho
22%
Montana
19%
Ohio
17%
California
16%
Oklahoma
16%
Oregon
16%
New Mexico
14%
Arizona
13%
Colorado
13%
Wyoming
13%
North Carolina
10%
South Carolina
10%
South Dakota
10%
Vermont
10%
Virginia
10%
Maine
9%
Florida
6%
Nevada
6%
Rhode Island
6%
Alabama
5%
Arkansas
5%
Georgia
5%
Iowa
5%
Louisiana
5%
Massachusetts
5%
Michigan
5%
Mississippi
5%
Missouri
5%
New Jersey
5%
New York
5%
Pennsylvania
5%
Tennessee
5%
Texas
5%
Wisconsin
5%
Connecticut
4%
Delaware
4%
Illinois
4%
Indiana
4%
Kansas
4%
Kentucky
4%
Maryland
4%
Nebraska
4%
No matching quizzes found
Score Distribution
Percent of People with Each Score
Percentile by Number Answered
Your Score History
You have not taken this quiz